The Trinity and creation in Augustine (Record no. 78308)
[ view plain ]
| 000 -LEADER | |
|---|---|
| fixed length control field | 01453nam a2200349Ia 4500 |
| 100 1# - MAIN ENTRY--AUTHOR NAME | |
| Personal name | Dunham, Scott A., |
| 245 14 - TITLE STATEMENT | |
| Title | The Trinity and creation in Augustine |
| 260 ## - PUBLICATION, DISTRIBUTION, ETC. (IMPRINT) | |
| Place of publication | Albany, NY : |
| Name of publisher | State University of New York Press, |
| Year of publication | c2008. |
| 300 ## - PHYSICAL DESCRIPTION | |
| Number of Pages | ix, 198 p. |
| 490 1# - SERIES STATEMENT | |
| Series statement | SUNY series on religion and the environment |
| 650 #0 - SUBJECT ADDED ENTRY--TOPICAL TERM | |
| Topical Term | Trinity |
| Topical Term | Creation |
| 856 40 - ELECTRONIC LOCATION AND ACCESS | |
| Uniform Resource Identifier | http://site.ebrary.com/lib/rucke/Doc?id=10575756 |
No items available.
